Sports Quiz

Random Sports or Soccer Quiz
Score 0/13 Timer 02:00
0 Plays Today
Year Team % Correct
1996D.C. United
92.9%
1997D.C. United
92.9%
1999D.C. United
92.9%
2004D.C. United
92.9%
2002Los Angeles Galaxy
91.1%
2005Los Angeles Galaxy
91.1%
1998Chicago Fire
87.8%
2006Houston Dynamo
72.2%
2007Houston Dynamo
72.2%
2000Kansas City Wizards
70.1%
2008Columbus Crew
65.3%
2001San Jose Earthquakes
60.8%
2003San Jose Earthquakes
60.8%
Remove Ads.
Support Sporcle.
Get the best of Sporcle when you Go Orange. This ad-free experience offers more features, more stats, and more fun while also helping to support Sporcle. Thank you for becoming a member.

You're not logged in!

Compare scores with friends on all Sporcle quizzes.
OR
Log In

Show Comments

Extras

Top Quizzes Today


Score Distribution

Your Account Isn't Verified!

In order to create a playlist on Sporcle, you need to verify the email address you used during registration. Go to your Sporcle Settings to finish the process.

Report this User

Report this user for behavior that violates our Community Guidelines.

Details: